| 000 | 01152nam a2200301 i 4500 | ||
|---|---|---|---|
| 001 | 89030 | ||
| 003 | ES-MaACL | ||
| 005 | 20250815042316.0 | ||
| 007 | t| | ||
| 008 | 050125s2004 sp ||||1| spa d | ||
| 020 | _a84-370-5927-5 | ||
| 080 | _a331.105.44(460.31)(091) | ||
| 080 | _a323.28(460.31)"1955/75" | ||
| 080 | _a94(460.31)"1955/75" | ||
| 100 | 1 |
_aGómez Roda, José Alberto. _958135 |
|
| 245 | 1 | 0 |
_aComisiones Obreras y represión franquista : _bValència, 1958-1972 / _cJ. Alberto Gómez Roda. |
| 260 |
_a[València] : _bUniversitat de València, _c2004. |
||
| 300 |
_a298 p. : _bil. col. y n. ; _c24 cm. |
||
| 490 | 1 | _aHistòria i memòria del franquisme | |
| 504 | _aBibliografía: p. [184]-203. | ||
| 610 | 2 | 4 |
_aComisiones Obreras. _bConfederación Sindical del País Valenciá- _vHistoria. _93065 |
| 650 | 4 |
_aRepresión política- _zComunidad Valenciana- _y1939-1975. _9174026 |
|
| 651 | 4 |
_aComunidad Valenciana- _xHistoria- _y1939-1975. _9174027 |
|
| 710 | 2 |
_aUniversitat de València. _9174028 |
|
| 830 | 1 | 0 |
_aHistòria i memòria del franquisme _9189436 |
| 852 | 4 |
_aES-MaACL _jL-28654 |
|
| 999 |
_c89030 _d89030 |
||